El café y el desarrollo Histórico-Geográfico de Costa Rica: vida y obra historiográfica de Carolyn Hall en perspectiva económica /

Uloženo v:
Podrobná bibliografie
Hlavní autor: Ramírez-Roldán, José David
Médium: Kniha
Jazyk:Spanish
On-line přístup:texto completo desde el sitio de la revista
Tagy: Přidat tag
Žádné tagy, Buďte první, kdo vytvoří štítek k tomuto záznamu!

MARC

LEADER 00000nam a22000007a 4500
003 cru CIDCACS/IIS
005 20200212153204.0
007 ta
008 200212s2019 cr |||p|r|||| 00| 0|spa d
999 |c 42940  |d 42940 
040 |c cru CIDCACS/IIS 
100 1 |a Ramírez-Roldán, José David  |9 9074 
245 1 3 |a El café y el desarrollo Histórico-Geográfico de Costa Rica:  |b vida y obra historiográfica de Carolyn Hall en perspectiva económica /  |c José David Ramírez-Roldán 
300 |a páginas 76-81 
773 0 |0 40594  |9 4343  |a Instituto Tecnológico de Costa Rica  |d Costa Rica, Escuela de Ciencias del Lenguaje del ITCR,  |o 19108  |t Revista Comunicación /  |x 03793974 
856 |u https://revistas.tec.ac.cr/index.php/comunicacion/article/view/4447/4025  |y texto completo desde el sitio de la revista 
942 |2 ddc  |c PP